000 00402nam a2200181Ia 4500
100 _aSingh/Kirpal
650 _aAutomobile engineering
490 _v2
942 _cBK
366 _f10
654 _aautomobile engineering
245 _aAutomobile engineering
260 _bStandard Publication
_c2014
082 _a629.2
_bSIN
300 _a670
546 _aENGLISH
_cInfo.Tech
999 _c25592
_d25592